[Event "20. Torneo San Viator 2013"]
[Site "Madrid ESP"]
[Date "2013.05.26"]
[Round "7.42"]
[White "Perez Perez, Marta"]
[Black "Vicioso Barbadillo, Juan J"]
[Result "1-0"]
[WhiteElo "1378"]
[BlackElo "1487"]
[PlyCount "95"]
[EventDate "2013.04.07"]
[EventType "swiss"]
[EventRounds "9"]
[EventCountry "ESP"]
[Source "lmi"]
[SourceDate "2013.04.07"]

1. e4 e6 2. d4 d5 3. Nd2 c5 4. exd5 Qxd5 5. Ndf3 Nc6 6. Ne2 Nf6 7. c3 cxd4 8.
Nexd4 Nxd4 9. Qxd4 Qxd4 10. Nxd4 Bc5 11. Nb5 O-O 12. Bf4 a6 13. Bd6 Bxd6 14.
Nxd6 e5 15. O-O-O b5 16. Bd3 Be6 17. Kb1 Rfb8 18. Ne4 Nxe4 19. Bxe4 Ra7 20. Rd2
Rd7 21. Rhd1 Rxd2 22. Rxd2 g6 23. Bd5 Bxd5 24. Rxd5 f6 25. Rd6 Kg7 26. Rxa6 Rd8
27. Kc2 e4 28. a4 bxa4 29. Rxa4 Re8 30. Kd2 f5 31. Ke3 Kh6 32. b4 Rc8 33. Ra3
Kg5 34. f3 exf3 35. Kxf3 f4 36. Rb3 Re8 37. c4 h5 38. b5 Kf5 39. h3 g5 40. b6
Rb8 41. c5 Ke6 42. c6 Kd6 43. c7 Rc8 44. b7 Kxc7 45. bxc8=Q+ Kxc8 46. Rb5 g4+
47. hxg4 hxg4+ 48. Kxf4 1-0

[Event "20. Torneo San Viator 2013"]
[Site "Madrid ESP"]
[Date "2013.05.26"]
[Round "7.43"]
[White "Jimenez Perez, Federico"]
[Black "Guillo Sanchez-Galiano, Ernest"]
[Result "1-0"]
[WhiteElo "1323"]
[BlackElo "1330"]
[PlyCount "71"]
[EventDate "2013.04.07"]
[EventType "swiss"]
[EventRounds "9"]
[EventCountry "ESP"]
[Source "lmi"]
[SourceDate "2013.04.07"]

1. e4 c5 2. Nf3 d6 3. Bb5+ Bd7 4. Bxd7+ Nxd7 5. Nc3 g6 6. d3 Bg7 7. O-O Ngf6 8.
Bg5 O-O 9. Qd2 Ne5 10. Nxe5 dxe5 11. Rfe1 Qd6 12. Bh6 Ng4 13. Bxg7 Kxg7 14. Ne2
f5 15. f3 Nh6 16. Rad1 Rad8 17. Nc3 e6 18. Kh1 a6 19. a4 Rf7 20. h4 Rfd7 21.
Qg5 Nf7 22. Qg3 h5 23. Qf2 Qb6 24. Rb1 Qc6 25. Rg1 b5 26. g4 Rh8 27. gxf5 exf5
28. exf5 Rh6 29. Ne4 c4 30. Rg3 cxd3 31. cxd3 Rxd3 32. Rbg1 Nh8 33. f6+ Kf7 34.
Rg5 Rd5 35. Qa7+ Ke6 36. Qe7# 1-0

[Event "20. Torneo San Viator 2013"]
[Site "Madrid ESP"]
[Date "2013.05.26"]
[Round "7.45"]
[White "Bermejo Jimenez, Adolfo"]
[Black "Roman Garcia, Jose Luis"]
[Result "0-1"]
[WhiteElo "1396"]
[BlackElo "1490"]
[PlyCount "88"]
[EventDate "2013.04.07"]
[EventType "swiss"]
[EventRounds "9"]
[EventCountry "ESP"]
[Source "lmi"]
[SourceDate "2013.04.07"]

1. e4 e5 2. Nf3 Nc6 3. Bb5 a6 4. Bxc6 dxc6 5. h3 Bd6 6. O-O f6 7. b3 Be6 8. Bb2
Qd7 9. d4 exd4 10. Nxd4 O-O-O 11. f4 Bf7 12. f5 Qe8 13. Qe1 Be5 14. c3 g6 15.
Nd2 g5 16. Rd1 h5 17. N2f3 Bd6 18. Kh1 g4 19. Nh4 Be5 20. Rd2 Nh6 21. c4 Rg8
22. Qe3 gxh3 23. Qxh3 Rg3 24. Qh2 Rd3 25. g3 Rxd2 26. Qxd2 c5 27. Qxh6 cxd4 28.
Rf3 d3 29. Bxe5 Qxe5 30. Qd2 Qxe4 31. Kh2 Qe2+ 32. Qxe2 dxe2 33. Re3 Rd2 34.
Kh3 Rxa2 35. Nf3 Rb2 36. Nd4 Rb1 37. Nxe2 Kd7 38. Nf4 Rh1+ 39. Kg2 Ra1 40. Ng6
Kd8 41. Kf3 Be8 42. Ke4 Bc6+ 43. Kf4 Rf1+ 44. Rf3 Rxf3# 0-1

[Event "20. Torneo San Viator 2013"]
[Site "Madrid ESP"]
[Date "2013.06.02"]
[Round "8.1"]
[White "Cabanas Bravo, Juan Andres"]
[Black "Solaesa Navalpotro, Luis Julio"]
[Result "0-1"]
[WhiteElo "2103"]
[BlackElo "2249"]
[PlyCount "60"]
[EventDate "2013.04.07"]
[EventType "swiss"]
[EventRounds "9"]
[EventCountry "ESP"]
[Source "lmi"]
[SourceDate "2013.04.07"]

1. e4 c6 2. d4 d5 3. Nc3 dxe4 4. Nxe4 Bf5 5. Ng3 Bg6 6. Bc4 Nf6 7. N1e2 Nbd7 8.
O-O Nb6 9. Bb3 e6 10. f4 Qd7 11. a4 a5 12. Qe1 Bb4 13. c3 Be7 14. Bd2 Nbd5 15.
c4 Nb4 16. f5 exf5 17. Bc3 O-O 18. c5 Nfd5 19. Bxd5 Nxd5 20. Nc1 f4 21. Ne4 Ne3
22. Rxf4 Nc2 23. Qe2 Nxa1 24. Nd3 f6 25. Nc1 Qd5 26. Ng3 Rae8 27. Qg4 Nb3 28.
Nce2 f5 29. Qh3 Bg5 30. Rf3 f4 0-1

[Event "20. Torneo San Viator 2013"]
[Site "Madrid ESP"]
[Date "2013.06.02"]
[Round "8.2"]
[White "Iturbide Arnedo, Oscar"]
[Black "Renteria, Jorge"]
[Result "0-1"]
[WhiteElo "2151"]
[BlackElo "2300"]
[PlyCount "66"]
[EventDate "2013.04.07"]
[EventType "swiss"]
[EventRounds "9"]
[EventCountry "ESP"]
[Source "lmi"]
[SourceDate "2013.04.07"]

1. e4 c5 2. Nc3 d6 3. g3 g6 4. Bg2 Bg7 5. d3 Nc6 6. f4 Rb8 7. Be3 e6 8. Nf3 Nd4
9. e5 dxe5 10. fxe5 Ne7 11. Ne4 Nxf3+ 12. Qxf3 Nf5 13. O-O Bxe5 14. g4 Qh4 15.
h3 Nxe3 16. Qxf7+ Kd8 17. Rf2 Qe7 18. Qf3 Nxg2 19. Kxg2 Bd7 20. c3 Kc7 21. Qe3
Bc6 22. b4 Rbf8 23. d4 Rxf2+ 24. Kxf2 Qh4+ 25. Kg1 cxd4 26. cxd4 Bxe4 27. dxe5
Bd5 28. Qc5+ Kb8 29. Rc1 Qg3+ 30. Kf1 Qxh3+ 31. Ke1 Qg3+ 32. Kd2 Qf4+ 33. Kd3
Qxe5 0-1

[Event "20. Torneo San Viator 2013"]
[Site "Madrid ESP"]
[Date "2013.06.02"]
[Round "8.3"]
[White "Gonzalez Mateos, Rafael"]
[Black "Garcia-Ruiz Fuentes, Angel M"]
[Result "0-1"]
[WhiteElo "2110"]
[BlackElo "1952"]
[PlyCount "72"]
[EventDate "2013.04.07"]
[EventType "swiss"]
[EventRounds "9"]
[EventCountry "ESP"]
[Source "lmi"]
[SourceDate "2013.04.07"]

1. d4 Nf6 2. c3 g6 3. Bg5 Bg7 4. Nd2 O-O 5. e4 d6 6. f4 d5 7. e5 Ng4 8. f5 Bxf5
9. h3 Nh6 10. Qb3 Bc8 11. O-O-O f6 12. exf6 exf6 13. Bf4 b6 14. Be2 a5 15. Bf3
c6 16. c4 a4 17. Qc3 Be6 18. Ne2 Nf5 19. g4 Nh4 20. cxd5 cxd5 21. Kb1 Nxf3 22.
Qxf3 Nc6 23. h4 Qd7 24. Rdg1 f5 25. h5 Nxd4 26. Nxd4 Bxd4 27. hxg6 fxg4 28.
gxh7+ Kh8 29. Qg3 Bf5+ 30. Ka1 Qg7 31. a3 Rac8 32. Bh6 Bxb2+ 33. Ka2 Qd4 34.
Bxf8 Ba1 35. Nc4 Qxc4+ 36. Kxa1 Qd4+ 0-1

[Event "20. Torneo San Viator 2013"]
[Site "Madrid ESP"]
[Date "2013.06.02"]
[Round "8.4"]
[White "Barahona Torrijos, Angel"]
[Black "Fernandez Garcia, Javier"]
[Result "1-0"]
[WhiteElo "1885"]
[BlackElo "2028"]
[PlyCount "49"]
[EventDate "2013.04.07"]
[EventType "swiss"]
[EventRounds "9"]
[EventCountry "ESP"]
[Source "lmi"]
[SourceDate "2013.04.07"]

1. e4 e6 2. d4 d5 3. Nc3 Nf6 4. e5 Nfd7 5. Nce2 c5 6. c3 cxd4 7. cxd4 f6 8. Nf4
Bb4+ 9. Bd2 Qb6 10. Bxb4 Qxb4+ 11. Qd2 Qe7 12. Bb5 fxe5 13. dxe5 O-O 14. Nf3
Nc6 15. Bxc6 bxc6 16. O-O c5 17. Nxd5 exd5 18. Qxd5+ Kh8 19. Qxa8 Ba6 20. Qxa7
Bxf1 21. Kxf1 Qe6 22. Qc7 h5 23. Rd1 Nb6 24. Qxc5 Rc8 25. Qd4 1-0

[Event "20. Torneo San Viator 2013"]
[Site "Madrid ESP"]
[Date "2013.06.02"]
[Round "8.5"]
[White "Sotoca Aguado, Jose"]
[Black "Garcia Sanjuan, Jose"]
[Result "1-0"]
[WhiteElo "1976"]
[BlackElo "1877"]
[PlyCount "67"]
[EventDate "2013.04.07"]
[EventType "swiss"]
[EventRounds "9"]
[EventCountry "ESP"]
[Source "lmi"]
[SourceDate "2013.04.07"]

1. e4 b6 2. d4 Bb7 3. Bd3 e6 4. Nf3 Nf6 5. Qe2 d5 6. e5 Nfd7 7. O-O Be7 8. Nbd2
c5 9. c3 Nc6 10. Re1 Rc8 11. a3 a5 12. Nf1 h6 13. Ng3 g6 14. Be3 c4 15. Bc2 Bf8
16. h4 Bg7 17. Qd2 Ne7 18. h5 g5 19. Nxg5 hxg5 20. Bxg5 Qc7 21. h6 Bf8 22. Nh5
Nf5 23. Bxf5 exf5 24. e6 fxe6 25. Rxe6+ Kf7 26. Rae1 Bd6 27. Ng7 Rcg8 28. Qe2
Rxg7 29. Re7+ Bxe7 30. Qxe7+ Kg6 31. Qxg7+ Kh5 32. Re3 Rh7 33. Rh3+ Kg4 34.
Rh4# 1-0

[Event "20. Torneo San Viator 2013"]
[Site "Madrid ESP"]
[Date "2013.06.02"]
[Round "8.6"]
[White "Sierra Bermejo, Gregorio"]
[Black "Rosa Ramirez, Victor D"]
[Result "1-0"]
[WhiteElo "1654"]
[BlackElo "1945"]
[PlyCount "77"]
[EventDate "2013.04.07"]
[EventType "swiss"]
[EventRounds "9"]
[EventCountry "ESP"]
[Source "lmi"]
[SourceDate "2013.04.07"]

1. c4 Nf6 2. Nf3 c5 3. Nc3 g6 4. g3 Bg7 5. Bg2 O-O 6. d4 cxd4 7. Nxd4 Nc6 8.
O-O Qb6 9. Ndb5 a6 10. Be3 Qa5 11. Nd4 Ng4 12. Nb3 Qh5 13. h3 Nxe3 14. fxe3 Qg5
15. Kh2 Be5 16. Rf3 d6 17. Nd4 f5 18. Nd5 Qh6 19. Nxc6 bxc6 20. Nxe7+ Kh8 21.
Nxc6 Bb7 22. Nxe5 dxe5 23. Rf2 Qxe3 24. Qe1 e4 25. Rc1 Kg8 26. Rc3 Qc5 27. e3
h5 28. h4 Bc8 29. Rd2 Be6 30. Qd1 Qa5 31. Rd6 Bf7 32. Ra3 Qb4 33. Rb3 Qxc4 34.
Rbb6 Kh7 35. b3 Qc8 36. Rd7 Kh6 37. Rbd6 Qc3 38. Qf1 Be8 39. Qf4# 1-0

[Event "20. Torneo San Viator 2013"]
[Site "Madrid ESP"]
[Date "2013.06.02"]
[Round "8.7"]
[White "Camarero Izquierdo, Juan Carlos"]
[Black "Sierra Soria, Maria"]
[Result "1-0"]
[WhiteElo "1934"]
[BlackElo "1864"]
[PlyCount "71"]
[EventDate "2013.04.07"]
[EventType "swiss"]
[EventRounds "9"]
[EventCountry "ESP"]
[Source "lmi"]
[SourceDate "2013.04.07"]

1. d4 d5 2. Nc3 Nf6 3. Bg5 Nbd7 4. Nf3 g6 5. Qd2 Bg7 6. O-O-O c6 7. Bh6 O-O 8.
Bxg7 Kxg7 9. h4 b5 10. h5 Rh8 11. Ne5 Nxe5 12. h6+ Kf8 13. dxe5 Nd7 14. e4 e6
15. exd5 exd5 16. f4 Nc5 17. Qe3 Qb6 18. Kb1 b4 19. Ne2 a5 20. Nd4 a4 21. Bd3
Qb7 22. f5 Nxd3 23. fxg6 hxg6 24. Rxd3 c5 25. Nf3 d4 26. Qf4 Bf5 27. e6 Bxd3
28. cxd3 Qe7 29. Ng5 f6 30. Qe4 Qe8 31. e7+ Qxe7 32. Qxa8+ Qe8 33. Ne6+ Kf7 34.
Qxe8+ Rxe8 35. Nxc5 a3 36. h7 1-0

[Event "20. Torneo San Viator 2013"]
[Site "Madrid ESP"]
[Date "2013.06.02"]
[Round "8.8"]
[White "Gutierrez Mordini, Pablo"]
[Black "Unciti Juan, Javier"]
[Result "1-0"]
[WhiteElo "1696"]
[BlackElo "2196"]
[PlyCount "135"]
[EventDate "2013.04.07"]
[EventType "swiss"]
[EventRounds "9"]
[EventCountry "ESP"]
[Source "lmi"]
[SourceDate "2013.04.07"]

1. d4 e6 2. c4 d5 3. Nc3 Nf6 4. Bg5 Be7 5. e3 O-O 6. Nf3 h6 7. Bh4 b6 8. cxd5
Nxd5 9. Bxe7 Qxe7 10. Nxd5 exd5 11. Be2 Bb7 12. O-O Nd7 13. Ne1 c5 14. Bf3 c4
15. Nc2 b5 16. Qd2 a5 17. b4 axb4 18. Qxb4 Qxb4 19. Nxb4 Nf6 20. Rfb1 Rfc8 21.
Nc2 Bc6 22. Nb4 Ra5 23. Nxc6 Rxc6 24. Rb4 g5 25. h3 c3 26. Kf1 Rc4 27. Rb3 b4
28. Ke2 c2 29. Rc1 Rxa2 30. Kd3 Rc7 31. Rxb4 h5 32. Rb5 g4 33. hxg4 hxg4 34.
Bxd5 Ra3+ 35. Bb3 g3 36. f3 Nd5 37. Rxd5 Rxb3+ 38. Kd2 f6 39. Rc5 Re7 40. e4
Ra7 41. R1xc2 Ra1 42. R5c3 Rbb1 43. Rc1 Ra2+ 44. R3c2 Rxc1 45. Kxc1 Ra1+ 46.
Kd2 Kf7 47. Ke3 Rf1 48. d5 Ke7 49. Rc7+ Kd6 50. Rc6+ Ke7 51. Kf4 f5 52. Kxf5
Rf2 53. Kf4 Rxg2 54. Rg6 Rd2 55. Kxg3 Rd1 56. Kf4 Rd3 57. Kg4 Rd4 58. Kf5 Rd3
59. f4 Rd4 60. Ke5 Rd1 61. Rg7+ Kf8 62. Rc7 Rh1 63. f5 Rh4 64. f6 Ke8 65. Kf5
Rh1 66. Ke6 Kd8 67. Rg7 Rh6 68. d6 1-0

[Event "20. Torneo San Viator 2013"]
[Site "Madrid ESP"]
[Date "2013.06.02"]
[Round "8.9"]
[White "Julian Serra, Rogelio"]
[Black "Brasa Olmos, Joaquin"]
[Result "1-0"]
[WhiteElo "2014"]
[BlackElo "1542"]
[PlyCount "69"]
[EventDate "2013.04.07"]
[EventType "swiss"]
[EventRounds "9"]
[EventCountry "ESP"]
[Source "lmi"]
[SourceDate "2013.04.07"]

1. c4 e5 2. Nc3 Nf6 3. g3 c6 4. Bg2 Be7 5. d3 d6 6. Nf3 O-O 7. O-O Be6 8. b4
Qc8 9. Ng5 Bg4 10. Rb1 h6 11. Nge4 Bh3 12. Nxf6+ Bxf6 13. b5 Bxg2 14. Kxg2 Bd8
15. Qb3 Nd7 16. Ba3 Bc7 17. bxc6 bxc6 18. Qb7 c5 19. Qxc8 Rfxc8 20. Rb7 Nb6 21.
Nb5 Bb8 22. f4 a6 23. Nc3 Ba7 24. fxe5 Rf8 25. exd6 Nc8 26. Ne4 f5 27. Bb2 Rf7
28. d7 Nb6 29. Rxa7 Rxd7 30. Rxa8+ Nxa8 31. Rxf5 Rb7 32. Bc3 Nb6 33. Nxc5 Re7
34. e4 g6 35. Rf6 1-0

[Event "20. Torneo San Viator 2013"]
[Site "Madrid ESP"]
[Date "2013.06.02"]
[Round "8.10"]
[White "Yaniz Lana, Francisco Javier"]
[Black "Ore Leon, Gustavo"]
[Result "1-0"]
[WhiteElo "1653"]
[BlackElo "1856"]
[PlyCount "79"]
[EventDate "2013.04.07"]
[EventType "swiss"]
[EventRounds "9"]
[EventCountry "ESP"]
[Source "lmi"]
[SourceDate "2013.04.07"]

1. d4 d5 2. Nf3 e6 3. g3 Nf6 4. Bg2 c6 5. O-O Bd6 6. c4 O-O 7. Nc3 a6 8. Nd2
Nbd7 9. e4 dxe4 10. Ndxe4 Be7 11. Bf4 c5 12. Nd6 cxd4 13. Nxc8 Qxc8 14. Qxd4
Rd8 15. Qe3 Bc5 16. Qf3 e5 17. Bg5 h6 18. Bxf6 Nxf6 19. Qxb7 Qxb7 20. Bxb7 Rab8
21. Bxa6 Rxb2 22. Na4 Ne4 23. Nxb2 Rd2 24. Nd1 Bd4 25. Rb1 Rxa2 26. Rb8+ Kh7
27. Bb7 Nd2 28. Re1 f5 29. Bd5 e4 30. h4 Kg6 31. Kg2 Nf3 32. Rf1 Rc2 33. Rf8
Bc5 34. Rc8 Bd4 35. Rc7 Kh5 36. Kh3 g6 37. Be6 Ne5 38. f4 exf3 39. Rxf3 Ng4 40.
Rxf5+ 1-0

[Event "20. Torneo San Viator 2013"]
[Site "Madrid ESP"]
[Date "2013.06.02"]
[Round "8.11"]
[White "Gutierrez Diaz, Pablo"]
[Black "Padin Lazaro, Jose Manuel"]
[Result "0-1"]
[WhiteElo "1641"]
[BlackElo "1809"]
[PlyCount "72"]
[EventDate "2013.04.07"]
[EventType "swiss"]
[EventRounds "9"]
[EventCountry "ESP"]
[Source "lmi"]
[SourceDate "2013.04.07"]

1. e4 e6 2. d4 d5 3. Nc3 Nf6 4. e5 Nfd7 5. f4 c5 6. Nf3 Nc6 7. Be3 a6 8. Qd2 b5
9. g4 Be7 10. h4 Qb6 11. O-O-O c4 12. a3 b4 13. axb4 Bxb4 14. Qf2 Rb8 15. Na2
Ba5 16. c3 Qb3 17. Nb4 Bxb4 18. cxb4 Nxb4 19. Kd2 Qxb2+ 20. Ke1 Nc2+ 21. Kd2
Nxd4+ 22. Ke1 Nc2+ 23. Kd2 Nxe3+ 24. Kxe3 Rb3+ 25. Bd3 Rxd3+ 26. Rxd3 Qxf2+ 27.
Kxf2 cxd3 28. Ke3 Ke7 29. Rc1 Bb7 30. Rc7 Rb8 31. Ng5 a5 32. Nxf7 Ba6 33. Nd6
Rb2 34. Rc1 d2 35. Rd1 Nb6 36. Rxd2 Rxd2 0-1

[Event "20. Torneo San Viator 2013"]
[Site "Madrid ESP"]
[Date "2013.06.02"]
[Round "8.13"]
[White "Martin Hernandez, Vicente"]
[Black "San Felipe Gonzalez, Tomas"]
[Result "1/2-1/2"]
[WhiteElo "2005"]
[BlackElo "1649"]
[PlyCount "99"]
[EventDate "2013.04.07"]
[EventType "swiss"]
[EventRounds "9"]
[EventCountry "ESP"]
[Source "lmi"]
[SourceDate "2013.04.07"]

1. d4 d5 2. c4 c6 3. Nf3 Nf6 4. Nc3 dxc4 5. Ne5 Bf5 6. Nxc4 e6 7. Bg5 Be7 8. e3
Nbd7 9. Be2 O-O 10. Rc1 h6 11. Bf4 Nb6 12. O-O Nxc4 13. Bxc4 Ne4 14. f3 Nxc3
15. Rxc3 Bd6 16. Bxd6 Qxd6 17. Qb3 Rab8 18. Rfc1 Rfd8 19. a4 Bg6 20. a5 a6 21.
Rd1 Rd7 22. Rd2 Rbd8 23. Rc1 Qc7 24. Qc3 e5 25. Rcd1 exd4 26. Rxd4 Rxd4 27.
Rxd4 Rxd4 28. exd4 Qe7 29. b4 Kf8 30. d5 cxd5 31. Bxd5 Bf5 32. Kf2 Qd7 33. Bxb7
Qxb7 34. Qc5+ Kg8 35. Qxf5 Qxb4 36. Qc8+ Kh7 37. Qxa6 Qd2+ 38. Kg3 Qg5+ 39. Kf2
Qd2+ 40. Qe2 Qxa5 41. Qe4+ g6 42. Kg3 Qg5+ 43. Qg4 Qxg4+ 44. Kxg4 Kg7 45. Kf4
Kf6 46. h4 Ke6 47. g4 f6 48. Ke4 Kd6 49. f4 Ke6 50. h5 1/2-1/2

[Event "20. Torneo San Viator 2013"]
[Site "Madrid ESP"]
[Date "2013.06.02"]
[Round "8.14"]
[White "Perez Carballeira, Francisco"]
[Black "Bermejo Redondo, Oscar"]
[Result "0-1"]
[WhiteElo "1609"]
[BlackElo "1896"]
[PlyCount "62"]
[EventDate "2013.04.07"]
[EventType "swiss"]
[EventRounds "9"]
[EventCountry "ESP"]
[Source "lmi"]
[SourceDate "2013.04.07"]

1. d4 Nf6 2. c4 g6 3. Nc3 Bg7 4. e4 O-O 5. Bd3 d6 6. Bg5 c5 7. d5 e6 8. Nge2
exd5 9. cxd5 a6 10. O-O b5 11. a3 Nbd7 12. Qd2 Re8 13. Bc2 Qb6 14. Rab1 Ng4 15.
h3 Nge5 16. b3 Nf6 17. f4 Ned7 18. Bh4 b4 19. Na4 Qb8 20. Ng3 bxa3 21. f5 Qb4
22. Qf4 a5 23. fxg6 hxg6 24. Qxd6 Ba6 25. Bxf6 Nxf6 26. Rxf6 a2 27. Rff1 Bxf1
28. Rxf1 Qd4+ 29. Kh2 a1=Q 30. Nxc5 Qxf1 31. Nxf1 Be5+ 0-1

[Event "20. Torneo San Viator 2013"]
[Site "Madrid ESP"]
[Date "2013.06.02"]
[Round "8.15"]
[White "Villanueva Ortega, Ruben"]
[Black "Garcia Carcedo, Jesus"]
[Result "1-0"]
[WhiteElo "1610"]
[BlackElo "1808"]
[PlyCount "73"]
[EventDate "2013.04.07"]
[EventType "swiss"]
[EventRounds "9"]
[EventCountry "ESP"]
[Source "lmi"]
[SourceDate "2013.04.07"]

1. e4 e6 2. d4 d5 3. e5 c5 4. c3 Nc6 5. Nf3 cxd4 6. cxd4 Nge7 7. a3 Nf5 8. b4
Qb6 9. Bb2 a5 10. b5 a4 11. g4 Nh6 12. h3 Be7 13. Bd3 f6 14. Qc2 Na5 15. Nbd2
Bd7 16. Qxa4 O-O 17. Bc3 Nc4 18. Nxc4 dxc4 19. Qxc4 Rfc8 20. Qb3 Nf7 21. a4
fxe5 22. dxe5 Ng5 23. Nxg5 Bxg5 24. O-O Rf8 25. a5 Qc7 26. Be4 Bxb5 27. Qxe6+
Qf7 28. Qxf7+ Rxf7 29. Bd5 Bxf1 30. Bxf7+ Kxf7 31. Kxf1 Ke6 32. Ra4 Rc8 33. Bb2
Bc1 34. Rb4 Rc7 35. Bxc1 Rxc1+ 36. Kg2 Rc5 37. Rxb7 1-0

[Event "20. Torneo San Viator 2013"]
[Site "Madrid ESP"]
[Date "2013.06.02"]
[Round "8.16"]
[White "Jaumandreu Llopis, Antonio"]
[Black "Alfaya Marcelo, Roberto"]
[Result "0-1"]
[WhiteElo "1590"]
[BlackElo "1802"]
[PlyCount "62"]
[EventDate "2013.04.07"]
[EventType "swiss"]
[EventRounds "9"]
[EventCountry "ESP"]
[Source "lmi"]
[SourceDate "2013.04.07"]

1. e4 c5 2. d4 cxd4 3. c3 Nf6 4. e5 Nd5 5. cxd4 e6 6. Nf3 d6 7. Nc3 Nxc3 8.
bxc3 Nd7 9. Bb5 Qc7 10. Bd2 a6 11. Ba4 b5 12. exd6 Bxd6 13. Bb3 Bb7 14. Rc1 O-O
15. O-O Rac8 16. c4 bxc4 17. Bxc4 Qb8 18. Ng5 Bxh2+ 19. Kh1 h6 20. Nxe6 Rxc4
21. Rxc4 fxe6 22. Qg4 Rf6 23. Rc3 Nf8 24. Qh3 Bd6 25. Rb3 Qa8 26. Bb4 Bf4 27.
f3 Bd5 28. Rb2 Qd8 29. Qh4 Ng6 30. Qf2 Rf5 31. Bd2 Rh5+ 0-1

[Event "20. Torneo San Viator 2013"]
[Site "Madrid ESP"]
[Date "2013.06.02"]
[Round "8.17"]
[White "Tolosana Esteban, Enrique"]
[Black "Gil Calvente, Jose Antonio"]
[Result "0-1"]
[WhiteElo "1754"]
[BlackElo "1597"]
[PlyCount "54"]
[EventDate "2013.04.07"]
[EventType "swiss"]
[EventRounds "9"]
[EventCountry "ESP"]
[Source "lmi"]
[SourceDate "2013.04.07"]

1. e4 c5 2. c3 d5 3. exd5 Qxd5 4. Nf3 Nc6 5. d4 Bg4 6. Be2 cxd4 7. cxd4 Nf6 8.
Nc3 Qa5 9. h3 Bf5 10. d5 O-O-O 11. O-O Nxd5 12. Nxd5 Rxd5 13. Qb3 e6 14. Bc4
Rd7 15. Bb5 Rd5 16. Bxc6 bxc6 17. Be3 c5 18. Rfd1 Qb6 19. Rxd5 Qxb3 20. Rd8+
Kxd8 21. axb3 f6 22. Rxa7 Be4 23. Nd2 Bd5 24. f3 h5 25. Ne4 Kc8 26. Bxc5 Bxe4
27. fxe4 Bxc5+ 0-1

[Event "20. Torneo San Viator 2013"]
[Site "Madrid ESP"]
[Date "2013.06.02"]
[Round "8.18"]
[White "Vicario Ramirez, Celestino"]
[Black "Robles, Bryan"]
[Result "1/2-1/2"]
[WhiteElo "1585"]
[BlackElo "1708"]
[PlyCount "57"]
[EventDate "2013.04.07"]
[EventType "swiss"]
[EventRounds "9"]
[EventCountry "ESP"]
[Source "lmi"]
[SourceDate "2013.04.07"]

1. c4 e5 2. g3 f5 3. Bg2 Nc6 4. Nc3 Nf6 5. d3 Bc5 6. e3 a6 7. a3 O-O 8. Nge2 d6
9. O-O Bd7 10. b4 Ba7 11. Bb2 Qe8 12. Rc1 Qh5 13. d4 f4 14. exf4 exd4 15. Nd5
Ng4 16. h3 Nxf2 17. Rxf2 d3 18. Qxd3 Bxf2+ 19. Kxf2 Ne5 20. Qc3 Rf7 21. Rh1 Bf5
22. fxe5 Bd3+ 23. Ndf4 Qxe2+ 24. Kg1 Rxf4 25. Bd5+ Kh8 26. gxf4 Qf1+ 27. Kh2
Qf2+ 28. Bg2 Qxf4+ 29. Kg1 1/2-1/2

[Event "20. Torneo San Viator 2013"]
[Site "Madrid ESP"]
[Date "2013.06.02"]
[Round "8.20"]
[White "Gomez Dorado, Ernesto"]
[Black "Arias Cusio, Oscar"]
[Result "1-0"]
[WhiteElo "1769"]
[BlackElo "1761"]
[PlyCount "59"]
[EventDate "2013.04.07"]
[EventType "swiss"]
[EventRounds "9"]
[EventCountry "ESP"]
[Source "lmi"]
[SourceDate "2013.04.07"]

1. c4 g6 2. g3 Bg7 3. Bg2 c6 4. Nf3 Nf6 5. O-O d6 6. d4 O-O 7. Nc3 Nbd7 8. Qc2
Rb8 9. Rd1 d5 10. Bf4 Ra8 11. cxd5 Nxd5 12. Nxd5 cxd5 13. Bc7 Qe8 14. Qb3 Nf6
15. Ne5 Ng4 16. Bxd5 Nxe5 17. dxe5 Kh8 18. Bxb7 Bxb7 19. Qxb7 Qc8 20. Qxc8
Raxc8 21. Rd7 Rfe8 22. Rad1 h5 23. R1d5 Kh7 24. Ra5 Ra8 25. Ra6 f6 26. exf6
exf6 27. e3 Kh6 28. h4 g5 29. hxg5+ Kxg5 30. Rxg7+ 1-0

[Event "20. Torneo San Viator 2013"]
[Site "Madrid ESP"]
[Date "2013.06.02"]
[Round "8.21"]
[White "Linares Leyva, David"]
[Black "Mateos Cordero, Francisco"]
[Result "1/2-1/2"]
[WhiteElo "1904"]
[BlackElo "1556"]
[PlyCount "66"]
[EventDate "2013.04.07"]
[EventType "swiss"]
[EventRounds "9"]
[EventCountry "ESP"]
[Source "lmi"]
[SourceDate "2013.04.07"]

1. d4 d5 2. c4 c6 3. Nf3 Nf6 4. e3 e6 5. Nbd2 Bd6 6. Bd3 Nbd7 7. O-O c5 8. e4
dxe4 9. Nxe4 Nxe4 10. Bxe4 Qc7 11. b3 Nf6 12. Bc2 b6 13. Bb2 cxd4 14. Qxd4 Bb7
15. Rad1 O-O-O 16. Ne5 Ne8 17. Be4 f6 18. Bxb7+ Qxb7 19. Nf3 Bxh2+ 20. Nxh2
Rxd4 21. Rxd4 e5 22. Rd2 Qa6 23. Bc3 Nc7 24. Rfd1 Ne6 25. Nf1 Rd8 26. Ne3 Rxd2
27. Rxd2 Qb7 28. Nf5 Kc7 29. Nd6 Qa8 30. Nb5+ Kb7 31. Nd6+ Kc7 32. Nb5+ Kc8 33.
Nd6+ Kc7 1/2-1/2

[Event "20. Torneo San Viator 2013"]
[Site "Madrid ESP"]
[Date "2013.06.02"]
[Round "8.22"]
[White "Rottenwoher Suarez, Juan"]
[Black "Uceda Martinez, Jacinto"]
[Result "0-1"]
[WhiteElo "1440"]
[BlackElo "1854"]
[PlyCount "108"]
[EventDate "2013.04.07"]
[EventType "swiss"]
[EventRounds "9"]
[EventCountry "ESP"]
[Source "lmi"]
[SourceDate "2013.04.07"]

1. c4 f5 2. Nf3 Nf6 3. g3 e6 4. Bg2 d5 5. cxd5 exd5 6. O-O Bd6 7. d3 O-O 8. Nc3
c6 9. Re1 Nbd7 10. e4 fxe4 11. dxe4 dxe4 12. Nxe4 Nxe4 13. Rxe4 Nf6 14. Rd4 Ne8
15. Bf4 Rf6 16. Bg5 Qe7 17. Bxf6 Qxf6 18. Qe2 Bf5 19. Rad1 Bc5 20. Rc4 Bb6 21.
Nh4 Bg6 22. Nxg6 Qxg6 23. h4 Qxg3 24. Kf1 Qg6 25. Be4 Qf7 26. Rc2 Nf6 27. Qc4
Nxe4 28. Qxe4 Rf8 29. Rdd2 Qxa2 30. Rd7 Bd8 31. Rcd2 Bf6 32. h5 h6 33. Rxb7
Qa6+ 34. Kg2 Qxb7 35. Qe6+ Kh8 36. Rd7 Qb5 37. Rf7 Qg5+ 38. Kf1 Rd8 39. Rxa7
Rd1+ 40. Ke2 Qxh5+ 41. f3 Rd8 42. Qxc6 Qe5+ 43. Qe4 Qxe4+ 44. fxe4 Bxb2 45. Kf3
Re8 46. Kf4 Kh7 47. Ra5 Re7 48. e5 g6 49. Rb5 Bc1+ 50. Ke4 h5 51. Kd5 Kg7 52.
Kd6 Kf7 53. Rb6 Re6+ 54. Kc5 Be3+ 0-1

[Event "20. Torneo San Viator 2013"]
[Site "Madrid ESP"]
[Date "2013.06.02"]
[Round "8.23"]
[White "Sarabia Utrilla, Joaquin"]
[Black "Algaba Traspuesto, Jose Antonio"]
[Result "1-0"]
[WhiteElo "1778"]
[BlackElo "1638"]
[PlyCount "89"]
[EventDate "2013.04.07"]
[EventType "swiss"]
[EventRounds "9"]
[EventCountry "ESP"]
[Source "lmi"]
[SourceDate "2013.04.07"]

1. d4 d5 2. c4 e6 3. Nc3 c6 4. Nf3 dxc4 5. e4 b5 6. a4 Bb4 7. axb5 cxb5 8. Bd2
Bxc3 9. Bxc3 a5 10. d5 Nf6 11. Bxf6 Qxf6 12. e5 Qf4 13. d6 Bb7 14. Qd4 Qxd4 15.
Nxd4 Bc6 16. b3 cxb3 17. Nxb3 a4 18. Nd4 b4 19. Nxc6 Nxc6 20. Bb5 Kd7 21. Bxa4
Rhb8 22. Kd2 b3 23. Rhb1 b2 24. Bxc6+ Kxc6 25. Rxa8 Rxa8 26. Rxb2 Ra7 27. Rc2+
Kd7 28. Kd3 f6 29. f4 Ra3+ 30. Kd4 Ra4+ 31. Rc4 fxe5+ 32. fxe5 Ra7 33. Rb4 g5
34. Kc5 h5 35. Rb2 Ra5+ 36. Rb5 Ra7 37. g3 g4 38. Kd4 Ra4+ 39. Ke3 Ra3+ 40. Kf4
Kc6 41. Rb2 Rf3+ 42. Ke4 Rc3 43. Ra2 Rc4+ 44. Kd3 Rc5 45. Rc2 1-0